000
00308nam a2200145Ia 4500
100
_a
SGS-Thomson
942
_c
BK
654
_a
analog ICS
245
_a
Industry standard analog ICS
260
_b
SGS-Thomson
_a
Itally
_c
1989
082
_a
621.3841202
300
_a
1146
546
_a
ENGLISH
999
_c
20819
_d
20819